000 00286nam a22001217a 4500
999 _c252179
_d252178
020 _a0590685600
082 _aLB1632
_b.R59 2000
100 _aLaura Robb
245 _aTeaching Reading in Middle School
260 _c2000
_b Scholastic;
_aVirginia, USA
300 _a320p.
942 _cBK